Statistics for Countries with the Highest Percentage of Blue-Eyed People

Click here to take the quiz!

General Stats

  • This quiz has been taken 417 times
  • The average score is 14 of 17

Answer Stats

%Country% Correct
63%Finland
96%
72%Norway
94%
66%Sweden
94%
64%Germany
93%
65%United Kingdom
93%
80%Estonia
91%
81%Denmark
90%
92%Ireland
89%
68%Poland
88%
89%Iceland
87%
79%Latvia
87%
79%Netherlands
86%
76%Belgium
83%
74%Lithuania
83%
63%Belarus
71%
78%Luxembourg
70%
64%Liechtenstein
51%

Score Distribution

Percentile by Number Answered

Percent of People with Each Score

Your Score History

You have not taken this quiz